|
|
|
|
| LEADER |
00000nam0a2200000 4500 |
| 001 |
346803 |
| 005 |
20231102005927.0 |
| 010 |
|
|
|a 9785948366180
|
| 035 |
|
|
|a (RuTPU)RU\TPU\book\378688
|
| 090 |
|
|
|a 346803
|
| 100 |
|
|
|a 20211117d2021 k y0rusy50 ca
|
| 101 |
0 |
|
|a rus
|
| 102 |
|
|
|a RU
|
| 105 |
|
|
|a y z 001zy
|
| 200 |
1 |
|
|a Объемные сингулярные интегральные уравнения электродинамики
|f А. Б. Самохин
|
| 210 |
|
|
|a Москва
|c Техносфера
|d 2021
|
| 215 |
|
|
|a 218 с.
|
| 225 |
1 |
|
|a Мир физики и техники
|v 2-44
|
| 320 |
|
|
|a Библиогр.: с. 214-217
|
| 330 |
|
|
|a В книге с помощью сингулярных интегральных уравнений рассматриваются различные классы задач электродинамики. Монография состоит из двух частей. В первой части выводятся объемные сингулярные интегральные уравнения, описывающие задачи рассеяния электромагнитных волн на трехмерных неоднородных и анизотропных структурах, а также сингулярные уравнения с запаздыванием по времени, описывающие задачи взаимодействия нестационарного поля с ограниченной материальной средой. С использованием полученных уравнений доказываются теоремы существования и единственности решения различных классов задач рассеяния волн. Во второй части излагаются итерационные методы для решения уравнений, математически строго обосновывается применение метода Галеркина и метода коллокации для численного решения уравнений, описывающих задачи рассеяния волн на трехмерных неоднородных и анизотропных структурах. Предлагаются эффективные алгоритмы численного решения сингулярных уравнений.
|
| 606 |
1 |
|
|a Электромагнитные волны
|x Рассеяние
|x (электрофизика)
|2 stltpush
|3 (RuTPU)RU\TPU\subj\20180
|9 45300
|
| 606 |
1 |
|
|a Интегральные уравнения, сингулярные
|2 stltpush
|3 (RuTPU)RU\TPU\subj\12783
|9 39502
|
| 610 |
1 |
|
|a физика
|
| 610 |
1 |
|
|a электродинамика
|
| 610 |
1 |
|
|a математические задачи
|
| 610 |
1 |
|
|a сингулярные уравнения
|
| 610 |
1 |
|
|a рассеивание
|
| 610 |
1 |
|
|a материальные среды
|
| 610 |
1 |
|
|a интегральные уравнения
|
| 610 |
1 |
|
|a магнитодиэлектрические структуры
|
| 610 |
1 |
|
|a спектры
|
| 610 |
1 |
|
|a решения
|
| 610 |
1 |
|
|a нестационарные задачи
|
| 610 |
1 |
|
|a численные методы
|
| 610 |
1 |
|
|a физические задачи
|
| 675 |
|
|
|a 537.874
|v 4
|
| 675 |
|
|
|a 517.968.23
|v 4
|
| 700 |
|
1 |
|a Самохин
|b А. Б.
|g Александр Борисович
|
| 801 |
|
1 |
|a RU
|b 63413507
|c 20211117
|
| 801 |
|
2 |
|a RU
|b 63413507
|c 20220203
|g RCR
|
| 942 |
|
|
|c BK
|
| 959 |
|
|
|a 9/20211117
|d 1
|e 924,00
|f ЧЗТЛ:1
|